<?xml version="1.0" encoding="UTF-8"?>
<marc:record xmlns:marc="http://www.loc.gov/MARC21/slim">
   <marc:leader>00000nam a2200000 a 4500</marc:leader>
   <marc:datafield ind1="1" ind2=" " tag="100">
      <marc:subfield code="a">Krabbe, Ina</marc:subfield>
      <marc:subfield code="4">aut</marc:subfield>
      <marc:subfield code="e">Verfasser/-in</marc:subfield>
   </marc:datafield>
   <marc:datafield ind1=" " ind2=" " tag="653">
      <marc:subfield code="a">Freundin</marc:subfield>
   </marc:datafield>
   <marc:datafield ind1=" " ind2=" " tag="653">
      <marc:subfield code="a">Jugendbuch</marc:subfield>
   </marc:datafield>
   <marc:datafield ind1=" " ind2=" " tag="653">
      <marc:subfield code="a">Pferdeabenteuer</marc:subfield>
   </marc:datafield>
   <marc:datafield ind1=" " ind2=" " tag="653">
      <marc:subfield code="a">Reiten</marc:subfield>
   </marc:datafield>
   <marc:datafield ind1=" " ind2=" " tag="653">
      <marc:subfield code="a">Kinderbuch</marc:subfield>
   </marc:datafield>
   <marc:datafield ind1=" " ind2=" " tag="653">
      <marc:subfield code="a">Mut</marc:subfield>
   </marc:datafield>
   <marc:datafield ind1=" " ind2=" " tag="653">
      <marc:subfield code="a">Erste Liebe</marc:subfield>
   </marc:datafield>
   <marc:datafield ind1=" " ind2=" " tag="653">
      <marc:subfield code="a">Herde</marc:subfield>
   </marc:datafield>
   <marc:datafield ind1=" " ind2=" " tag="653">
      <marc:subfield code="a">Freunde</marc:subfield>
   </marc:datafield>
   <marc:datafield ind1=" " ind2=" " tag="653">
      <marc:subfield code="a">beste Freundin</marc:subfield>
   </marc:datafield>
   <marc:datafield ind1=" " ind2=" " tag="653">
      <marc:subfield code="a">Freundinnen</marc:subfield>
   </marc:datafield>
   <marc:datafield ind1=" " ind2=" " tag="653">
      <marc:subfield code="a">Pferde</marc:subfield>
   </marc:datafield>
   <marc:datafield ind1=" " ind2=" " tag="653">
      <marc:subfield code="a">Kinderbücher bis 11 Jahre</marc:subfield>
   </marc:datafield>
   <marc:datafield ind1=" " ind2=" " tag="653">
      <marc:subfield code="a">Freundschaft</marc:subfield>
   </marc:datafield>
   <marc:datafield ind1=" " ind2=" " tag="653">
      <marc:subfield code="a">Gnadenbrot</marc:subfield>
   </marc:datafield>
   <marc:datafield ind1=" " ind2=" " tag="653">
      <marc:subfield code="a">Pferdemädchen</marc:subfield>
   </marc:datafield>
   <marc:datafield ind1=" " ind2=" " tag="653">
      <marc:subfield code="a">Pferd</marc:subfield>
   </marc:datafield>
   <marc:datafield ind1=" " ind2=" " tag="653">
      <marc:subfield code="a">Abenteuer</marc:subfield>
   </marc:datafield>
   <marc:datafield ind1=" " ind2=" " tag="653">
      <marc:subfield code="a">Familie</marc:subfield>
   </marc:datafield>
   <marc:datafield ind1=" " ind2=" " tag="653">
      <marc:subfield code="a">Gestüt</marc:subfield>
   </marc:datafield>
   <marc:datafield ind1=" " ind2=" " tag="653">
      <marc:subfield code="a">Schloss</marc:subfield>
   </marc:datafield>
   <marc:datafield ind1=" " ind2=" " tag="653">
      <marc:subfield code="a">Mädchen</marc:subfield>
   </marc:datafield>
   <marc:datafield ind1=" " ind2=" " tag="653">
      <marc:subfield code="a">pferdeverrückt</marc:subfield>
   </marc:datafield>
   <marc:datafield ind1="0" ind2="0" tag="245">
      <marc:subfield code="a">Funkelsee - der Ruf der wilden Pferde</marc:subfield>
   </marc:datafield>
   <marc:datafield ind1="0" ind2="0" tag="245">
      <marc:subfield code="c">Ina Krabbe</marc:subfield>
   </marc:datafield>
   <marc:datafield ind1=" " ind2="1" tag="264">
      <marc:subfield code="a">Grevenbroich</marc:subfield>
      <marc:subfield code="b">Südpol Verlag</marc:subfield>
      <marc:subfield code="c">1</marc:subfield>
   </marc:datafield>
   <marc:datafield ind1=" " ind2=" " tag="250">
      <marc:subfield code="a">1. Auflage</marc:subfield>
   </marc:datafield>
   <marc:datafield ind1="1" ind2=" " tag="520">
      <marc:subfield code="a">Funkelsee  ein neues Pferdeabenteuer ruft! ## ##Kurz vor der Eröffnung des Reithotels geht auf Schloss Funkelfeld alles drunter und drüber. Die Renovierungsarbeiten sind noch nicht ganz abgeschlossen, da treffen schon die ersten Gäste ein. Statt ihre Ferien zu genießen, muss Malu in der Hotelküche arbeiten. Und nicht mal die Pferdeinsel darf sie betreten, denn die hat die exzentrische Señora Horapez für ihre wertvolle Araberherde gepachtet, die direkt aus Jordanien eingeflogen wird. Doch dann schreckt Malu nachts hoch: Unheimliche Geräusche dringen von der Pferdeinsel herüber. Und schon bald gerät Malu in einen Strudel der Ereignisse, der mehr als eine Überraschung bereithält  ## ## ## ## Die Funkelsee-Reihe  mitreißender Mix aus Pferden, Freundschaft und Abenteuern ## ##Spannende Bücher mit starken Mädchencharakteren und großen Geheimnissen. Ein perfektes Geschenk für Pferdenarren ab 10 Jahren. Für Fans von Elena Ein Leben für Pferde, Pferdeflüsterer-Academy und Charlottes Traumpferd. ## ## ## ##Bisher erschienen: ## ##Band 1: Flucht auf die Pferdeinsel ## ##Band 2: Versunken in der Pferdebucht ## ##Band 3: Das goldene Fohlen ## ##Band 4: Der Ruf der wilden Pferde ## ##Band 5: Das Tal der verlorenen Pferde ## ##Band 6: Das einsame Lied der Pferde ## ## ## ##  Stimmen zum ersten Band "Funkelsee - Flucht auf die Pferdeinsel": ## ##»Das Buch ist lang, aber es ist mir vorgekommen, als ob es nur 50 Seiten gewesen wären. Am Ende war es nämlich so spannend, dass ich es nicht mehr weglegen konnte.« ## ##Junia Martel (9 Jahre), Kinder- und Jugendredaktion Buecherkinder.de ## ## ## ##»schnell wird klar, dass die Geschichte viel mehr ist als ein Pferdebuch. (...) Die sympathischen Hauptpersonen und die gelungene Mischung aus Spannung, Tierliebe, Freundschaft und ein bisschen Verliebtheit lassen auf den Beginn einer neuen Reihe hoffen« ## ##Sigrid Born, ekz-Bibliotheksservice</marc:subfield>
   </marc:datafield>
   <marc:datafield ind1=" " ind2=" " tag="020">
      <marc:subfield code="a">9783965940130</marc:subfield>
      <marc:subfield code="9">9783965940130</marc:subfield>
   </marc:datafield>
   <marc:datafield ind1=" " ind2=" " tag="041">
      <marc:subfield code="a">ger</marc:subfield>
   </marc:datafield>
   <marc:datafield ind1=" " ind2=" " tag="300">
      <marc:subfield code="a">253 Seiten</marc:subfield>
   </marc:datafield>
</marc:record>
